| 000 | 01275cam a22004215a 4500 | ||
|---|---|---|---|
| 001 | L160049 | ||
| 008 | 150226s2018 xxk f 000 0 eng d | ||
| 035 | _a(Sirsi) u160049 | ||
| 041 | 0 | _aeng | |
| 110 | 2 |
_aRoyal Institution of Chartered Surveyors _94900 |
|
| 245 | 0 | 0 |
_aConfidence _bRICS World Built Environment Forum _bvolume two - 2018 |
| 260 |
_aLondon _bRICS _c2018 |
||
| 505 | 2 | _aHail to the chief | |
| 520 | _aCollection of RICS' published articles on cities. Topics discussed at the RICS World Built Environment Forum. | ||
| 590 | _aKA | ||
| 650 | 2 | 4 | _aCITIES |
| 650 | 2 | 4 | _aRISK MANAGEMENT |
| 650 | 2 | 4 | _aDISASTER PLANNING |
| 650 | 2 | 4 | _aARTIFICIAL INTELLIGENCE |
| 650 | 2 | 4 | _aDEVELOPING COUNTRIES |
| 650 | 2 | 4 | _aBIG DATA |
| 650 | 2 | 4 | _aSMART CITIES |
| 650 | 2 | 4 | _aMINERAL RESERVES |
| 650 | 2 | 4 | _aAIRPORT DEVELOPMENT |
| 650 | 2 | 4 | _aMODULAR CONSTRUCTION |
| 650 | 2 | 4 | _aCIRCULAR ECONOMY |
| 650 | 2 | 4 |
_aFacilities management _96240 |
| 650 | 2 | 4 |
_aAFFORDABLE HOUSING _96215 |
| 650 | 2 | 4 | _aLAND TENURE |
| 650 | 2 | 4 | _aAIR POLLUTION |
| 650 | 2 | 4 |
_aINFRASTRUCTURE _96246 |
| 650 | 2 | 4 | _aURBANISATION |
| 650 | 2 | 4 | _aPEER-TO-PEER LENDING |
| 651 | 4 | _aInternational | |
| 690 |
_aInvestments _96250 |
||
| 690 |
_aCommercial property _96227 |
||
| 942 |
_n0 _2ddc |
||
| 999 |
_c116179 _d116179 |
||